[Event "53rd Groningen Open 2015"]
[Site "Groningen NED"]
[Date "2015.12.23"]
[Round "3.25"]
[White "Bianco, Valerio"]
[Black "Heemskerk, Wim"]
[Result "1/2-1/2"]
[BlackTitle "FM"]
[WhiteElo "2035"]
[BlackElo "2181"]
[WhiteFideId "800600"]
[BlackFideId "1001000"]
[EventDate "2015.12.21"]

1. d4 Nf6 2. c4 e6 3. Nc3 Bb4 4. Bd2 O-O 5. Nf3 d5 6. e3 b6 7. Bd3 Bb7 8. O-O
Bd6 9. cxd5 exd5 10. Qc2 a6 11. Ng5 h6 12. Nh7 Re8 13. Nxf6+ Qxf6 14. e4 Qxd4
15. exd5 Nd7 16. Rfe1 Nf6 17. Be3 Qh4 18. g3 Qh5 19. Qd1 Ng4 20. h4 f5 21. Qf3
Rf8 22. Bf4 Rae8 23. Bxd6 cxd6 24. Rxe8 Qxe8 25. Qe2 Ne5 26. f4 Nxd3 27. Qxd3
Qc8 28. Re1 Qc5+ 29. Kg2 b5 30. Re7 Ba8 31. a3 b4 32. axb4 Qxb4 33. Qe2 Qd4 34.
Qe6+ Kh7 35. Qe3 Qb4 36. Qd2 Rb8 37. Re2 Qc4 38. h5 a5 39. Kh3 Rf8 40. Re7 Qf1+
41. Qg2 Qxg2+ 42. Kxg2 Rb8 43. Ra7 Rxb2+ 44. Kh3 Rc2 45. Rxa8 Rxc3 46. Rd8 Rd3
47. Rxd6 1/2-1/2

[Event "53rd Groningen Open 2015"]
[Site "Groningen NED"]
[Date "2015.12.23"]
[Round "3.26"]
[White "Sparenberg, Erik"]
[Black "Esserman, Marc"]
[Result "1/2-1/2"]
[BlackTitle "IM"]
[WhiteElo "2110"]
[BlackElo "2411"]
[WhiteFideId "1013262"]
[BlackFideId "2018616"]
[EventDate "2015.12.21"]

1. e4 c5 2. Nf3 d6 3. c3 Nf6 4. Be2 e6 5. O-O Be7 6. Re1 O-O 7. Bf1 b6 8. d4 Bb7
9. Bd3 Nc6 10. a3 Rc8 11. Nbd2 a6 12. Nf1 b5 13. Ng3 cxd4 14. cxd4 Qb6 15. Bb1
Rfd8 16. h3 Na5 17. Qd3 d5 18. e5 Ne4 19. Ne2 g6 20. Nh2 Nc4 21. Rf1 f6 22. exf6
Bxf6 23. Ng4 Bg7 24. b3 Ncd6 25. Bf4 Nf7 26. Ra2 a5 27. Rc2 b4 28. Rxc8 Rxc8 29.
axb4 Ba6 30. bxa5 Qxa5 31. Qe3 Qb5 32. Rc1 Rxc1+ 33. Nxc1 g5 34. Be5 Qf1+ 35.
Kh2 h5 36. Bxe4 hxg4 37. Bd3 Bxe5+ 1/2-1/2

[Event "53rd Groningen Open 2015"]
[Site "Groningen NED"]
[Date "2015.12.23"]
[Round "3.27"]
[White "Warmerdam, Max"]
[Black "Keetman, Maaike"]
[Result "1/2-1/2"]
[WhiteTitle "FM"]
[WhiteElo "2335"]
[BlackElo "2087"]
[WhiteFideId "1048104"]
[BlackFideId "1033697"]
[EventDate "2015.12.21"]

1. e4 c5 2. Nf3 e6 3. d4 cxd4 4. Nxd4 Nc6 5. Nc3 Qc7 6. Be3 a6 7. Qf3 Bd6 8.
O-O-O Be5 9. g3 Nge7 10. Qe2 b5 11. f4 Bxd4 12. Bxd4 Nxd4 13. Rxd4 Rb8 14. e5
O-O 15. Ne4 Nf5 16. Rd2 Bb7 17. Bg2 Qa5 18. Kb1 Bd5 19. Nf6+ gxf6 20. Bxd5 exd5
21. Qg4+ Kh8 22. Qxf5 1/2-1/2

[Event "53rd Groningen Open 2015"]
[Site "Groningen NED"]
[Date "2015.12.23"]
[Round "3.28"]
[White "Chaurette, Laurent"]
[Black "Al-Hajiri, Bader"]
[Result "1-0"]
[BlackTitle "CM"]
[WhiteElo "1987"]
[BlackElo "2183"]
[WhiteFideId "2623323"]
[BlackFideId "10300163"]
[EventDate "2015.12.21"]

1. d4 d5 2. Nf3 Nf6 3. c4 c6 4. Nc3 e6 5. e3 Nbd7 6. Qc2 Bd6 7. Bd3 O-O 8. O-O
dxc4 9. Bxc4 Qe7 10. Rd1 Bc7 11. e4 e5 12. Be3 Nb6 13. Be2 Ng4 14. Bg5 f6 15.
Bh4 exd4 16. Rxd4 Nxh2 17. Nxh2 Bxh2+ 18. Kxh2 Qe5+ 19. Bg3 Qxd4 20. Qb3+ Rf7
21. Rd1 Be6 22. Qxe6 Qc5 23. Bc7 Qe7 24. Qxe7 Rxe7 25. Bf4 Rae8 26. a4 Rxe4 27.
Nxe4 Rxe4 28. Be3 Rxa4 29. Rd8+ Kf7 30. Rb8 Rb4 31. Rxb7+ Kg6 32. Bd3+ f5 33.
Rxa7 Nd5 34. Bc1 Rh4+ 35. Kg3 Rd4 36. Ra3 Kf6 37. f4 h6 38. Kf3 g5 39. g3 g4+
40. Ke2 h5 41. Be3 Rb4 42. b3 h4 43. Bc5 Rb7 44. Ra6 hxg3 45. Rxc6+ Kg7 46. Bd4+
Kf8 47. Rc8+ Ke7 48. Bc5+ Ke6 49. Bc4 Rd7 50. Rf8 1-0

[Event "53rd Groningen Open 2015"]
[Site "Groningen NED"]
[Date "2015.12.23"]
[Round "3.29"]
[White "Theulings, Paul-Peter"]
[Black "Hommes, Elmar"]
[Result "1/2-1/2"]
[WhiteTitle "CM"]
[WhiteElo "2182"]
[BlackElo "2078"]
[WhiteFideId "1002899"]
[BlackFideId "1017136"]
[EventDate "2015.12.21"]

1. Nf3 Nf6 2. c4 g6 3. g3 Bg7 4. Bg2 O-O 5. d4 d5 6. cxd5 Nxd5 7. O-O Nb6 8. Nc3
Nc6 9. d5 Na5 10. Qc2 c6 11. dxc6 Nxc6 12. Rd1 Qe8 13. Bg5 Bf5 14. e4 Bg4 15.
Nd5 Nxd5 16. exd5 Bxf3 17. Bxf3 Ne5 18. Qd3 Nxf3+ 19. Qxf3 Qd7 20. Qe2 Rfe8 21.
Rac1 Rac8 22. Rxc8 Qxc8 23. Bxe7 Qd7 24. d6 Bf6 25. Re1 Bxe7 26. dxe7 Qd5 27. b3
f6 28. Qe3 a6 29. h4 Kf7 30. Qh6 Kg8 31. Qf4 Kf7 32. Qh6 Kg8 33. h5 Qxh5 34.
Qxh5 gxh5 35. Kg2 Kf7 36. Kh3 Rxe7 37. Rxe7+ Kxe7 38. Kh4 Kf7 39. Kxh5 Kg7 40.
f4 h6 41. g4 Kh7 42. b4 Kg7 1/2-1/2

[Event "53rd Groningen Open 2015"]
[Site "Groningen NED"]
[Date "2015.12.23"]
[Round "3.30"]
[White "Bollen, Guus"]
[Black "Sand, Rolf"]
[Result "1/2-1/2"]
[WhiteElo "2135"]
[BlackElo "2033"]
[WhiteFideId "1027883"]
[BlackFideId "4610334"]
[EventDate "2015.12.21"]

1. e4 c5 2. d4 cxd4 3. c3 dxc3 4. Nxc3 Nc6 5. Nf3 d6 6. Bc4 a6 7. O-O Nf6 8. Bf4
e6 9. Qe2 Bd7 10. Rfd1 Qb8 11. h3 Be7 12. e5 dxe5 13. Nxe5 Nxe5 14. Bxe5 Qc8 15.
Ne4 Nxe4 16. Qxe4 Bc6 17. Qd4 Bf6 18. Bxf6 gxf6 19. Qxf6 Rg8 20. g4 h5 21. Rd4
hxg4 22. hxg4 Rg6 23. Qh8+ Ke7 24. Qh4+ Rf6 25. g5 Rg6 26. Bd3 Rg7 27. Qf4 Qh8
28. f3 Qh6 1/2-1/2

[Event "53rd Groningen Open 2015"]
[Site "Groningen NED"]
[Date "2015.12.23"]
[Round "3.31"]
[White "Veltman, Anne"]
[Black "Vogel, Jaap"]
[Result "1-0"]
[BlackTitle "FM"]
[WhiteElo "2032"]
[BlackElo "2121"]
[WhiteFideId "1026917"]
[BlackFideId "1000764"]
[EventDate "2015.12.21"]

1. e4 e6 2. d4 d5 3. e5 c5 4. c3 Nc6 5. Nf3 Bd7 6. a3 f6 7. Bf4 fxe5 8. Nxe5
Nxe5 9. Bxe5 Nf6 10. Bd3 c4 11. Bc2 Be7 12. Nd2 O-O 13. g4 Be8 14. Qe2 b5 15. h4
Nd7 16. Bg3 Qb6 17. f4 a5 18. Nf3 Ra6 19. Ng5 Nf6 20. f5 Bd7 21. Kd2 Bd8 22. Be5
exf5 23. gxf5 b4 24. Qg2 Kh8 25. Rag1 Be8 26. Nxh7 Rg8 27. Nxf6 Bxf6 28. h5
bxc3+ 29. bxc3 Bxe5 30. dxe5 d4 31. f6 dxc3+ 32. Ke2 Qc7 33. Qe4 1-0

[Event "53rd Groningen Open 2015"]
[Site "Groningen NED"]
[Date "2015.12.23"]
[Round "3.32"]
[White "Ernst, Michael"]
[Black "Taal, Rieks"]
[Result "1/2-1/2"]
[WhiteElo "2177"]
[BlackElo "2071"]
[WhiteFideId "1618393"]
[BlackFideId "1043978"]
[EventDate "2015.12.21"]

1. d4 d5 2. Nf3 Nf6 3. e3 Bg4 4. c4 Bxf3 5. Qxf3 c6 6. Nc3 e6 7. Bd3 Bd6 8. O-O
O-O 9. e4 dxe4 10. Nxe4 Be7 11. Rd1 Qxd4 12. Bg5 Qe5 13. Nxf6+ Bxf6 14. Bxf6
Qxf6 15. Qxf6 gxf6 16. Be2 Na6 17. Rd6 Rfd8 18. Rad1 Rxd6 19. Rxd6 Rc8 20. a3
Kf8 21. Kf1 1/2-1/2

[Event "53rd Groningen Open 2015"]
[Site "Groningen NED"]
[Date "2015.12.23"]
[Round "3.33"]
[White "Hagesather, Ellen"]
[Black "Schweitzer, Werner"]
[Result "0-1"]
[WhiteTitle "WIM"]
[WhiteElo "2172"]
[BlackElo "2067"]
[WhiteFideId "1501909"]
[BlackFideId "1622927"]
[EventDate "2015.12.21"]

1. c4 f5 2. d4 Nf6 3. Nc3 e6 4. g3 d5 5. Bg2 c6 6. Nf3 Bd6 7. O-O O-O 8. Bf4
Bxf4 9. gxf4 Ne4 10. Ne5 Qh4 11. Qc1 Nd7 12. cxd5 exd5 13. a4 Ndf6 14. Ra3 Nh5
15. Nxd5 cxd5 16. Rh3 Nxf4 17. Rxh4 Nxe2+ 18. Kh1 Nxc1 19. Rxc1 Be6 20. f3 Nf6
21. Bh3 Rac8 22. Re1 Rfe8 23. Nd3 b6 24. Rxe6 Rxe6 25. Bxf5 Rec6 26. Bxc8 Rxc8
27. f4 Rc4 28. Rh3 Rxa4 29. Ne5 Ne4 30. Ra3 Rxa3 31. bxa3 Nc3 32. Kg2 Kf8 33.
Kf3 Nb5 34. Nc6 a5 35. a4 Nc3 36. f5 Nxa4 37. Kf4 Nc3 38. Ke5 a4 39. Kd6 a3 40.
Nb4 b5 41. Kc5 a2 42. Nc2 Ke7 43. Na1 Kf6 44. Kb4 Ne2 45. Kc5 Nf4 46. Kxb5 Kxf5 0-1

[Event "53rd Groningen Open 2015"]
[Site "Groningen NED"]
[Date "2015.12.23"]
[Round "3.34"]
[White "Halfhide, Sebastian"]
[Black "Elgersma, Simon"]
[Result "1/2-1/2"]
[WhiteElo "2119"]
[BlackElo "2017"]
[WhiteFideId "1045946"]
[BlackFideId "1046101"]
[EventDate "2015.12.21"]

1. e4 e6 2. d4 d5 3. Nd2 c5 4. Ngf3 cxd4 5. exd5 Qxd5 6. Bc4 Qd6 7. O-O Nf6 8.
Nb3 Nc6 9. Nbxd4 a6 10. Nxc6 Qxc6 11. Ne5 Qc5 12. Qe2 Be7 13. a4 O-O 14. c3 Bd7
15. Bf4 Rfd8 16. Rfe1 Be8 17. b4 Qc8 18. Rac1 Nd5 19. Bxd5 Rxd5 20. Nc4 Qc6 21.
Na5 Qc8 22. Nc4 Qc6 23. Na5 Qc8 24. Nc4 1/2-1/2

[Event "53rd Groningen Open 2015"]
[Site "Groningen NED"]
[Date "2015.12.23"]
[Round "3.35"]
[White "Ratsma, Rosa"]
[Black "Van Meegen, Ruud"]
[Result "1/2-1/2"]
[WhiteElo "2059"]
[BlackElo "2111"]
[WhiteFideId "1033662"]
[BlackFideId "1034995"]
[EventDate "2015.12.21"]

1. e4 c5 2. Nf3 g6 3. d4 cxd4 4. Nxd4 Nc6 5. c4 Nf6 6. Nc3 d6 7. Be2 Nxd4 8.
Qxd4 Bg7 9. Be3 O-O 10. Qd2 Be6 11. Rc1 Qa5 12. O-O Rfc8 13. b3 a6 14. Bf3 Rc7
15. Rfe1 Nd7 16. Nd5 Qxd2 17. Bxd2 Bxd5 18. exd5 Kf8 19. h4 h5 20. Be2 Bf6 21.
g3 Rac8 22. Kg2 Nc5 23. Ba5 Rd7 24. g4 Bxh4 25. gxh5 gxh5 26. Rcd1 e5 27. Rh1
Bd8 28. Rxh5 f5 29. Rxf5+ Rf7 30. Rxf7+ Kxf7 31. Bd2 Bf6 32. Rh1 Rg8+ 33. Kf1
Rg7 34. Rh6 Ne4 35. Bb4 Ke7 36. Bf3 Ng5 37. Be2 Nf7 38. Rh5 b6 39. Bd3 a5 40.
Bd2 Ng5 41. Be3 Nf3 42. Bxb6 e4 43. Bxe4 Nd2+ 44. Ke2 Nxe4 45. Bxa5 Rg1 46. Rh7+
Bg7 47. f3 Nf6 48. Rh2 Nd7 49. Bb4 Be5 50. Rh7+ Ke8 51. Rh6 Rg2+ 52. Kd3 Rxa2
53. Bxd6 Bxd6 54. Rxd6 Nc5+ 55. Kc3 Rf2 56. Kb4 Nd3+ 57. Kb5 Rxf3 58. b4 Rf4 59.
Re6+ Kd7 60. Re3 Rd4 61. Rg3 Kc7 62. Rg2 Ne5 63. Rc2 Nd7 64. Rc1 Nb6 65. Kc5 Rd3
66. Kb5 Kb7 67. Rh1 Nxd5 68. Rh7+ Nc7+ 69. Kc5 Rg3 70. b5 Rg6 71. Rf7 Rh6 72.
Rg7 1/2-1/2

[Event "53rd Groningen Open 2015"]
[Site "Groningen NED"]
[Date "2015.12.23"]
[Round "3.36"]
[White "Hilwerda, Jonas"]
[Black "Pajeken, Jakob Leon"]
[Result "1-0"]
[WhiteElo "2012"]
[BlackElo "2101"]
[WhiteFideId "1046713"]
[BlackFideId "12942839"]
[EventDate "2015.12.21"]

1. Nc3 Nf6 2. d4 d5 3. Bf4 c6 4. Qd3 g6 5. f3 Bg7 6. O-O-O Nbd7 7. e4 dxe4 8.
fxe4 Nh5 9. Be3 e5 10. dxe5 Bxe5 11. Nf3 Qf6 12. Nxe5 Nxe5 13. Qd2 O-O 14. Be2
Bg4 15. Bd4 Bxe2 16. Qxe2 Qe6 17. g4 Qxg4 18. Qf2 Qe6 19. Rhg1 b6 20. Rg5 f6 21.
Rxh5 gxh5 22. Ne2 Ng6 23. Ng3 c5 24. Bc3 Qg4 25. Rf1 Ne5 26. Nf5 Kh8 27. Rg1
Qxe4 28. Nh6 Ng4 29. Rxg4 Qe6 30. Re4 Qc6 31. Qf5 Qb7 32. Re6 Qh1+ 33. Be1 Qg1
34. Qxh5 Qd4 35. Nf5 Qf4+ 36. Bd2 Qf1+ 37. Re1 Qg2 38. Nh4 Qg7 39. Re7 Qg1+ 40.
Be1 Qg5+ 41. Qxg5 fxg5 42. Bc3+ Kg8 43. Rg7+ 1-0

[Event "53rd Groningen Open 2015"]
[Site "Groningen NED"]
[Date "2015.12.23"]
[Round "3.37"]
[White "Boersma, Jan"]
[Black "Van Baar, Esper"]
[Result "1/2-1/2"]
[WhiteElo "2083"]
[BlackElo "2002"]
[WhiteFideId "1003267"]
[BlackFideId "1049321"]
[EventDate "2015.12.21"]

1. e4 c5 2. Nc3 d6 3. f4 Nf6 4. Nf3 g6 5. Bb5+ Bd7 6. Bc4 Bg7 7. d3 O-O 8. O-O
Nc6 9. a3 a6 10. h3 b5 11. Ba2 e6 12. Be3 Qc7 13. Qd2 Rab8 14. Rae1 b4 15. axb4
cxb4 16. Nd1 Na5 17. Bb1 Rfc8 18. g4 Ba4 19. Rf2 Nd7 20. f5 exf5 21. gxf5 Ne5 1/2-1/2

[Event "53rd Groningen Open 2015"]
[Site "Groningen NED"]
[Date "2015.12.24"]
[Round "4.1"]
[White "Van Foreest, Jorden"]
[Black "Shyam, Sundar M."]
[Result "1-0"]
[WhiteTitle "IM"]
[BlackTitle "GM"]
[WhiteElo "2547"]
[BlackElo "2485"]
[WhiteFideId "1039784"]
[BlackFideId "5019141"]
[EventDate "2015.12.21"]

1. d4 Nf6 2. Nf3 d5 3. Bf4 c5 4. e3 Nc6 5. Nbd2 cxd4 6. exd4 g6 7. c3 Bg7 8. Bd3
Bf5 9. Bxf5 gxf5 10. Nf1 e6 11. Ne3 Qb6 12. Qe2 Qa6 13. Qxa6 bxa6 14. h3 Nh5 15.
Bh2 f4 16. Nc2 Rb8 17. O-O-O Rg8 18. Rhg1 Bh6 19. Nce1 Ke7 20. Kc2 Rb6 21. Nd3
Rc8 22. Rde1 Nb4+ 23. Nxb4 Rxb4 24. Re5 Nf6 25. g3 Ne4 26. gxf4 Ra4 27. f5 Rxa2
28. Kb3 Nxc3 29. fxe6 Rb8+ 30. Kxc3 Raxb2 31. exf7+ Kf6 32. Rf5+ Kxf5 33. Bxb8
Rxb8 34. Rg8 Rf8 35. Ng5 Kf6 36. Rxf8 Bxf8 37. Nxh7+ Kxf7 38. Nxf8 Kxf8 39. Kb4
Ke7 40. h4 Kf6 41. f4 1-0

[Event "53rd Groningen Open 2015"]
[Site "Groningen NED"]
[Date "2015.12.24"]
[Round "4.2"]
[White "Boruchovsky, Avital"]
[Black "Werle, Jan"]
[Result "0-1"]
[WhiteTitle "GM"]
[BlackTitle "GM"]
[WhiteElo "2540"]
[BlackElo "2542"]
[WhiteFideId "2800055"]
[BlackFideId "1006088"]
[EventDate "2015.12.21"]

1. d4 f5 2. g3 Nf6 3. Bg2 g6 4. c4 Bg7 5. Nh3 O-O 6. Nf4 e6 7. Nc3 d6 8. h4 c6
9. e4 e5 10. dxe5 dxe5 11. Nd3 Nxe4 12. Nxe4 fxe4 13. Bxe4 Qd4 14. Qe2 Qxc4 15.
h5 Bf5 16. Rh4 Qe6 17. hxg6 hxg6 18. Bh6 Bxh6 19. Rxh6 Nd7 20. g4 Bxe4 21. Qxe4
Kg7 22. g5 Qf5 23. Qh4 Rh8 24. O-O-O Rag8 25. f4 e4 26. Nf2 e3 27. Ne4 e2 28.
Rd4 c5 29. Nf6 cxd4 30. Rh7+ Rxh7 31. Qxh7+ Kf8 32. Qxg8+ Ke7 33. Qg7+ Kd6 34.
Kd2 Qe6 35. Ne8+ Qxe8 36. Qxd4+ Kc7 37. Ke1 a6 38. f5 gxf5 39. g6 Qxg6 0-1

[Event "53rd Groningen Open 2015"]
[Site "Groningen NED"]
[Date "2015.12.24"]
[Round "4.3"]
[White "Kasparov, Sergey"]
[Black "Vrolijk, Liam"]
[Result "1-0"]
[WhiteTitle "GM"]
[WhiteElo "2485"]
[BlackElo "2094"]
[WhiteFideId "13500481"]
[BlackFideId "1048333"]
[EventDate "2015.12.21"]

1. e4 g6 2. d4 Bg7 3. Nc3 a6 4. g3 b5 5. Bg2 Bb7 6. a3 d6 7. Be3 Nd7 8. Nge2 Rc8
9. O-O c5 10. dxc5 Nxc5 11. Bd4 e5 12. Be3 Qc7 13. b4 Nd7 14. Qd3 Nb6 15. Bxb6
Qxb6 16. Rfd1 Rd8 17. a4 bxa4 18. Nxa4 Qc7 19. c4 Nf6 20. Nec3 O-O 21. Rac1 Bc8
22. Nd5 Nxd5 23. cxd5 Qb7 24. Rb1 Bd7 25. Nc3 Ra8 26. b5 Bxb5 27. Nxb5 axb5 28.
Rxb5 Qc7 29. Rb2 Rfc8 30. Bh3 Qc3 31. Qb1 Rc4 32. Rb7 Qc2 33. Qxc2 Rxc2 34. Rd7
Bf8 35. Rd3 Ra1+ 36. Kg2 Rcc1 37. Be6 Rg1+ 38. Kh3 fxe6 39. dxe6 Rgd1 40. Rf3
Ra8 41. e7 Bxe7 42. Rxe7 Rf8 43. Rxf8+ Kxf8 44. Rxh7 Rd4 45. f3 Kg8 46. Rd7 Rd2
47. Kg4 Rxh2 48. Rxd6 Kf7 49. Rd5 Kf6 50. Rd6+ Kf7 51. f4 exf4 52. Kxf4 Rg2 53.
g4 Rg1 54. Kg5 Re1 55. Rf6+ Ke7 56. Rf4 Ke6 57. Kxg6 Ke5 58. Rf8 Rg1 59. g5 Kxe4
60. Rf5 Ra1 61. Rb5 Kf4 62. Kh6 Rh1+ 63. Kg7 Rh5 64. Kf6 Ke4 65. Rb4+ 1-0

[Event "53rd Groningen Open 2015"]
[Site "Groningen NED"]
[Date "2015.12.24"]
[Round "4.4"]
[White "Ypma, Peter"]
[Black "Lobzhanidze, Davit"]
[Result "1/2-1/2"]
[BlackTitle "IM"]
[WhiteElo "2228"]
[BlackElo "2425"]
[WhiteFideId "1027255"]
[BlackFideId "13600796"]
[EventDate "2015.12.21"]

1. e4 c5 2. Nc3 Nc6 3. g3 g6 4. Bg2 Bg7 5. d3 d6 6. Nh3 e6 7. O-O Nge7 8. Nf4
O-O 9. h4 h6 10. g4 Rb8 11. g5 h5 12. Nce2 e5 13. Nxh5 gxh5 14. Ng3 Qd7 15. f3
f5 16. f4 exf4 17. Nxh5 fxe4 18. Nxg7 Kxg7 19. Rxf4 Rxf4 20. Bxf4 Ng6 21. Bg3
Qg4 22. Bxd6 Qxd1+ 23. Rxd1 Bg4 24. Bxb8 Bxd1 25. Bd6 exd3 26. cxd3 Nxh4 27.
Bxc6 bxc6 28. Bxc5 a6 29. Kf2 Kf7 30. Ke3 Ke6 31. Kd2 Bg4 32. Kc3 Kd5 33. Be7
Ng6 34. Bf6 Nf4 35. d4 Bf5 36. Kb4 Bd3 37. Ka5 Ne6 38. g6 Bxg6 39. Kxa6 Nxd4 40.
Kb6 Nc2 41. a4 Bd3 42. Be7 Ne3 43. b4 Nc4+ 44. Kb7 Ke6 45. Bc5 Kd5 46. Be7 Nd6+
47. Bxd6 Kxd6 48. a5 Be4 49. Kb6 Bd3 50. a6 1/2-1/2

[Event "53rd Groningen Open 2015"]
[Site "Groningen NED"]
[Date "2015.12.24"]
[Round "4.5"]
[White "Soors, Stef"]
[Black "Baskin, Robert"]
[Result "1/2-1/2"]
[WhiteTitle "IM"]
[BlackTitle "FM"]
[WhiteElo "2398"]
[BlackElo "2351"]
[WhiteFideId "209511"]
[BlackFideId "24662402"]
[EventDate "2015.12.21"]

1. e4 c5 2. c3 d5 3. exd5 Qxd5 4. d4 Nf6 5. Nf3 Nc6 6. Be2 cxd4 7. cxd4 e6 8.
O-O Be7 9. Nc3 Qd6 10. Nb5 Qd8 11. Bf4 Nd5 12. Bg3 a6 13. Nc3 O-O 14. Rc1 Nxc3
15. bxc3 b5 16. c4 bxc4 17. Bxc4 Bb7 18. d5 exd5 19. Bxd5 Rc8 20. Ne5 Nxe5 21.
Bxb7 Rxc1 22. Qxc1 Qa5 23. Bxe5 Qxe5 24. Bxa6 Bc5 25. Qd2 Qf6 26. Qe2 Rd8 27.
Bc4 g6 28. Bb3 h5 29. Rc1 Bb6 30. g3 h4 31. Rc4 Rd4 32. Rxd4 Bxd4 33. gxh4 Kg7
34. Kg2 Qxh4 35. Qf3 f5 36. h3 Qe4 37. Qxe4 fxe4 38. Kf1 Kf6 39. Ke2 g5 40. Bd5
Ke5 41. Bc6 Kf4 42. a4 Ba7 43. a5 Bd4 44. a6 Ba7 45. f3 exf3+ 46. Bxf3 Ke5 47.
Kd3 Kf6 48. Kc4 Kg7 49. Kd5 Kh8 50. Kc6 Bg1 51. Kb7 Bf2 52. a7 Bxa7 53. Kxa7 Kg8
54. Kb6 Kh8 55. Kc5 Kg8 56. Kd6 Kg7 57. Ke6 Kh8 58. Kf6 Kh7 59. Bd5 Kh8 60. Be4
Kg8 61. Kg6 Kh8 62. Kh6 Kg8 63. Bf5 Kh8 64. Be6 g4 65. hxg4 1/2-1/2

[Event "53rd Groningen Open 2015"]
[Site "Groningen NED"]
[Date "2015.12.24"]
[Round "4.6"]
[White "Kevlishvili, Robby"]
[Black "Berkovich, Mark A"]
[Result "1-0"]
[WhiteTitle "FM"]
[BlackTitle "IM"]
[WhiteElo "2351"]
[BlackElo "2353"]
[WhiteFideId "1040634"]
[BlackFideId "2801639"]
[EventDate "2015.12.21"]

1. e4 c6 2. d4 d5 3. e5 c5 4. dxc5 Nc6 5. Nf3 Bg4 6. Bb5 Qa5+ 7. Nc3 e6 8. Be3
Ne7 9. a3 O-O-O 10. b4 Bxf3 11. gxf3 Qc7 12. Bxc6 Nxc6 13. Bd4 a6 14. f4 f6 15.
exf6 Qxf4 16. fxg7 Bxg7 17. Bxg7 Rhg8 18. Ne2 Qe4 19. Rg1 Ne5 20. Rg3 Nf3+ 21.
Rxf3 Qxf3 22. Be5 d4 23. Ng3 Qd5 24. Qe2 d3 25. cxd3 Qb3 26. Rd1 Qxa3 27. Qe4 a5
28. bxa5 Qxa5+ 29. Kf1 Qxc5 30. Bf4 1-0

[Event "53rd Groningen Open 2015"]
[Site "Groningen NED"]
[Date "2015.12.24"]
[Round "4.7"]
[White "Liu, Yi"]
[Black "Pruijssers, Roeland"]
[Result "1/2-1/2"]
[WhiteTitle "FM"]
[BlackTitle "GM"]
[WhiteElo "2306"]
[BlackElo "2489"]
[WhiteFideId "3210588"]
[BlackFideId "1013068"]
[EventDate "2015.12.21"]

1. d4 f5 2. g3 Nf6 3. Bg2 g6 4. Nf3 Bg7 5. O-O O-O 6. b3 d6 7. Bb2 Ne4 8. Nbd2
Nc6 9. c4 Nxd2 10. Qxd2 e5 11. dxe5 dxe5 12. Qd5+ Kh8 13. Qxd8 Rxd8 14. Rad1 e4
15. Rxd8+ Nxd8 16. Rd1 Bxb2 17. Rxd8+ Kg7 18. Nd4 Bxd4 19. Rxd4 Be6 20. f3 exf3
21. exf3 c5 22. Rd6 Re8 23. f4 b6 24. Kf2 Kf7 1/2-1/2

[Event "53rd Groningen Open 2015"]
[Site "Groningen NED"]
[Date "2015.12.24"]
[Round "4.9"]
[White "Golubov, Saveliy"]
[Black "Chen, Pengyu"]
[Result "1-0"]
[WhiteTitle "IM"]
[BlackTitle "FM"]
[WhiteElo "2452"]
[BlackElo "2289"]
[WhiteFideId "24176729"]
[BlackFideId "3212092"]
[EventDate "2015.12.21"]

1. Nf3 c5 2. g3 Nc6 3. Bg2 e5 4. d3 g6 5. O-O Bg7 6. c4 Nge7 7. Nc3 O-O 8. a3 d6
9. Rb1 a5 10. Ne1 Be6 11. Nc2 d5 12. cxd5 Nxd5 13. Ne4 b6 14. Ng5 Bc8 15. Ne3
Nde7 16. b4 axb4 17. axb4 cxb4 18. Bd2 Ra2 19. Ne4 Be6 20. Bxb4 Nxb4 21. Rxb4
Nc6 22. Rb1 Nd4 23. Nc3 Ra3 24. Ned5 Bxd5 25. Nxd5 Ra5 26. Nxb6 Ra2 27. Re1 Bh6
28. Nc4 Qf6 29. Rb2 Rxb2 30. Nxb2 Rd8 31. Nc4 Bf8 32. Qa4 Bc5 33. e3 Ne6 34. Qc6
Rxd3 35. Bd5 Rc3 36. Bxe6 Kg7 37. Qxc5 1-0

[Event "53rd Groningen Open 2015"]
[Site "Groningen NED"]
[Date "2015.12.24"]
[Round "4.10"]
[White "Van Osch, Mees"]
[Black "Kuipers, Stefan"]
[Result "1-0"]
[BlackTitle "IM"]
[WhiteElo "2289"]
[BlackElo "2398"]
[WhiteFideId "1035967"]
[BlackFideId "1018400"]
[EventDate "2015.12.21"]

1. e4 e6 2. d4 d5 3. Nc3 Nf6 4. e5 Nfd7 5. f4 c5 6. Nf3 Nc6 7. Be3 Be7 8. Qd2
O-O 9. dxc5 Nxc5 10. O-O-O a6 11. Kb1 Qc7 12. h4 b5 13. Bd3 b4 14. Bxc5 Bxc5 15.
Na4 Be7 16. Ng5 h6 17. Bh7+ Kh8 18. Qd3 f5 19. exf6 Rxf6 20. g3 Bf8 21. Bg6 Ne7
22. Be8 g6 23. h5 Qc4 24. Qe3 Bb7 25. Nb6 Qc7 26. Nxa8 Bxa8 27. hxg6 Nxg6 28.
Bxg6 Rxg6 29. Nxe6 1-0

[Event "53rd Groningen Open 2015"]
[Site "Groningen NED"]
[Date "2015.12.24"]
[Round "4.11"]
[White "Bezemer, Arno"]
[Black "Kerigan, Demre"]
[Result "1/2-1/2"]
[WhiteTitle "FM"]
[BlackTitle "IM"]
[WhiteElo "2287"]
[BlackElo "2374"]
[WhiteFideId "1001396"]
[BlackFideId "6307841"]
[EventDate "2015.12.21"]

1. e4 d6 2. d4 Nf6 3. Nc3 c6 4. f4 Qa5 5. Bd3 e5 6. Nf3 exd4 7. Nxd4 g6 8. Nf3
Bg7 9. O-O O-O 10. Qe1 Nbd7 11. Qh4 Qh5 12. Qxh5 Nxh5 13. Be3 Re8 14. Rae1 b5
15. g3 a6 16. Bd2 Bb7 17. g4 Nhf6 18. h3 c5 19. e5 dxe5 20. fxe5 Nd5 21. Be4
N7b6 22. Nxd5 Bxd5 23. Bf4 Rad8 24. Bxd5 Rxd5 25. Rd1 f6 26. exf6 Bxf6 27. b3
Re2 28. Bc7 Re6 29. Rde1 1/2-1/2

[Event "53rd Groningen Open 2015"]
[Site "Groningen NED"]
[Date "2015.12.24"]
[Round "4.12"]
[White "Brink, Barry"]
[Black "Von Meijenfeldt, Bart"]
[Result "1/2-1/2"]
[BlackTitle "FM"]
[WhiteElo "2360"]
[BlackElo "2283"]
[WhiteFideId "1009451"]
[BlackFideId "1032259"]
[EventDate "2015.12.21"]

1. d4 Nf6 2. c4 g6 3. Nc3 Bg7 4. g3 O-O 5. Bg2 d6 6. Nf3 Nc6 7. O-O a6 8. Qd3 e5
9. dxe5 dxe5 10. Qxd8 Rxd8 11. Bg5 Be6 12. Nd2 h6 13. Bxf6 Bxf6 14. Nde4 Be7 15.
Nd5 Bxd5 16. cxd5 Nb4 17. Nc3 c6 18. dxc6 Nxc6 19. Nd5 Kf8 20. Nb6 Rab8 21. Rfd1
Ke8 22. Nc4 f6 23. Be4 Kf7 24. g4 Bc5 25. e3 Rxd1+ 26. Rxd1 Rd8 27. Rc1 Rc8 28.
Bxc6 Rxc6 29. Na5 Rc7 30. b4 b6 31. Nc4 Ke6 32. bxc5 Rxc5 33. Rc2 b5 34. Na3
Rxc2 35. Nxc2 a5 36. Kf1 Kd5 37. Ke2 Kc4 38. Kd2 b4 39. h4 a4 40. h5 gxh5 41.
gxh5 f5 42. f4 b3 43. axb3+ axb3 44. Na3+ Kb4 45. Nb1 exf4 46. exf4 Kc4 1/2-1/2